| 000 | 01203cam a2200373 a 4500 | ||
|---|---|---|---|
| 001 | 21696 | ||
| 003 | VRT | ||
| 005 | 20260309094155.0 | ||
| 008 | 240606s1994 xo a ar 0000j slo | ||
| 015 | _aSNBA1994/12 | ||
| 020 | _a8085483475 | ||
| 035 | _aSNK000019804 | ||
| 039 | 9 |
_a202408080738 _bAUTHORITY _c202406171056 _dmsnk24 _c202406170811 _dmsnk24 _c202406061420 _dVLOAD |
|
| 040 |
_aSNK _bslo _cSNK _eAACR2 |
||
| 041 | 0 | _aslo | |
| 044 |
_axo _cSK |
||
| 072 | 7 |
_a821-93 _xLiteratúra pre deti a mládež (beletria) _2konspekt |
|
| 080 |
_a860-3(087.5) _21997 |
||
| 080 |
_a821-34 _22011 |
||
| 080 |
_a82-93-053.4/.5 _22011 |
||
| 080 |
_a(0.025.2) _22011 |
||
| 245 | 0 | 0 |
_aGulliverove cesty _cilustrácie Constanza |
| 260 |
_aSkalica _bGrafobal _c1994 _eSkalica _fGRAFOBAL |
||
| 300 |
_a10 nečíslovaných strán _bilustrácie _c16 cm |
||
| 655 | 7 |
_aliteratúra pre deti _2SNKPH |
|
| 655 | 7 |
_aleporelá _2SNKPH |
|
| 655 | 7 |
_arozprávky _2SNKPH |
|
| 700 | 0 |
_aConstanza _4ill |
|
| 942 |
_2ddc _cKLDE _n0 |
||
| 949 |
_617A1011902 _asnkSC 87067 |
||
| 949 |
_617A0109670 _9P60, <05>, [BOOK], {605} _asnkSC 87067 D1 |
||
| 999 |
_c21696 _d21696 |
||